|
|
|
|
| LEADER |
00000nab a2200000u 4500 |
| 001 |
vtls011880270 |
| 003 |
SK-MaSNL |
| 005 |
20260303094853.0 |
| 008 |
190805|2019 xo ||||||| ||00 ||slo| |
| 038 |
|
|
|a KEVKJB
|
| 040 |
|
|
|a KEVKJB
|b slo
|e rda
|
| 041 |
0 |
|
|a slo
|
| 043 |
|
|
|a e-xo---
|
| 044 |
|
|
|a xo
|c SK
|
| 072 |
|
7 |
|a 364
|x Sociálne problémy vyžadujúce podporu a pomoc. Sociálne zabezpečenie
|2 konspekt
|
| 080 |
|
|
|a 364.682.42-051
|2 2011
|
| 110 |
2 |
|
|a Tlačová agentúra Slovenskej republiky
|4 aut
|9 177619
|
| 245 |
0 |
0 |
|a Behom chcú búrať bariéry. Bezdomovci z Bernátoviec zakladajú klub
|b motivoval ich známy kňaz a maratónec Peter Gombita
|c [autor] (tasr)
|
| 300 |
|
|
|b Fotografie
|
| 336 |
|
|
|a text
|b txt
|2 rdacontent
|
| 337 |
|
|
|a bez média
|b n
|2 rdamedia
|
| 338 |
|
|
|a zväzok
|b nc
|2 rdacarrier
|
| 600 |
1 |
7 |
|a Gombita, Peter,
|d 1956-
|2 kevkjb
|9 559693
|
| 610 |
2 |
7 |
|a Oáza - Nádej pre nový život (nezisková organizácia)
|2 kevkjb
|9 1036747
|
| 650 |
0 |
7 |
|a beh
|2 kevkjb
|9 3281
|
| 650 |
0 |
7 |
|a bezdomovci
|2 kevkjb
|9 23044
|
| 651 |
|
7 |
|a Košice (Slovensko)
|2 kevkjb
|9 18694
|
| 773 |
0 |
|
|t Košický večer
|g Roč. 52, č. 31 (2019), s. 16
|x 1336-5320
|
| 852 |
|
|
|a KEVKJB
|b KIS3GCP
|
| 856 |
4 |
1 |
|u https://kosice.korzar.sme.sk/c/22178776/bezdomovci-zakladaju-v-bernatovciach-bezecky-klub.html
|
| 999 |
|
|
|c 1822841
|d 1824771
|